[Event "Arco op"]
[Site "Arco"]
[Date "2011.12.29"]
[Round "6"]
[White "De Nardo, Elena"]
[Black "Marchelli, Luca"]
[Result "0-1"]
[WhiteElo "1599"]
[BlackElo "1419"]
[PlyCount "108"]
[EventDate "2011.12.26"]
[EventType "swiss"]
[EventRounds "7"]
[EventCountry "ITA"]
[SourceTitle "EXT 2023"]
[Source "ChessBase"]
[SourceDate "2022.10.05"]
[SourceVersion "1"]
[SourceVersionDate "2022.10.05"]
[SourceQuality "1"]

1. d4 Nf6 2. c4 e6 3. Nc3 Bb4 4. a3 Bxc3+ 5. bxc3 b6 6. e3 Ba6 7. Bd3 Nc6 8. Rb1 Na5 9. Qe2 Bb7 10. Nf3 0-0 11. 0-0 c5 12. Re1 Qc7 13. Nd2 e5 14. d5 Rfe8 15. Ne4 Nxe4 16. Bxe4 d6 17. f3 Qd7 18. Bd3 f5 19. Qc2 Rf8 20. e4 f4 21. Kh1 Ba6 22. Qe2 Rf6 23. Rg1 g5 24. g3 Kh8 25. gxf4 gxf4 26. Rg4 Rg6 27. h3 Rag8 28. Bd2 Rh6 29. Rxg8+ Kxg8 30. Qg2+ Kh8 31. Kh2 Rg6 32. Qe2 Bc8 33. Qf1 Rg3 34. Rb2 Rxh3+ 35. Kg1 Qg7+ 36. Kf2 Qg3+ 37. Ke2 Rh2+ 38. Kd1 Bh3 39. Be1 Bxf1 40. Bxg3 Rxb2 41. Bxf1 fxg3 42. Kc1 Ra2 43. Kb1 Rf2 44. Bh3 g2 45. Bxg2 Rxg2 46. a4 h5 47. Kc1 Nxc4 48. Kd1 Ne3+ 49. Ke1 h4 50. c4 Nxc4 51. Kf1 Ne3+ 52. Ke1 h3 53. a5 h2 54. f4 h1Q# 0-1

[Event "Arco op"]
[Site "Arco"]
[Date "2011.12.28"]
[Round "4"]
[White "Galas, Franco"]
[Black "Marchelli, Luca"]
[Result "1-0"]
[WhiteElo "1749"]
[BlackElo "1419"]
[PlyCount "64"]
[EventDate "2011.12.26"]
[EventType "swiss"]
[EventRounds "7"]
[EventCountry "ITA"]
[SourceTitle "EXT 2023"]
[Source "ChessBase"]
[SourceDate "2022.10.05"]
[SourceVersion "1"]
[SourceVersionDate "2022.10.05"]
[SourceQuality "1"]

1. d4 Nf6 2. Nf3 e6 3. e3 b6 4. c4 c5 5. Nc3 cxd4 6. Nxd4 Bb7 7. Nf3 Bc5 8. Be2 0-0 9. b3 d5 10. 0-0 dxc4 11. bxc4 Qe7 12. Bb2 Nc6 13. a3 Rfd8 14. Qc2 Rac8 15. Nb5 a6 16. Nbd4 Nxd4 17. Nxd4 Bd6 18. f3 Bb8 19. a4 Qc7 20. g3 Nh5 21. f4 Nf6 22. Rac1 Be4 23. Qc3 h5 24. Nf3 Bf5 25. Ng5 Ne8 26. Bxh5 f6 27. Bf7+ Kh8 28. Bxe6 Bxe6 29. Nxe6 Qc6 30. Nxd8 Rxd8 31. Rcd1 Nd6 32. Ba3 Ne4 1-0

[Event "Arco op"]
[Site "Arco"]
[Date "2011.12.28"]
[Round "5"]
[White "Marchelli, Luca"]
[Black "Faini, Ivano"]
[Result "0-1"]
[WhiteElo "1419"]
[BlackElo "1650"]
[PlyCount "88"]
[EventDate "2011.12.26"]
[EventType "swiss"]
[EventRounds "7"]
[EventCountry "ITA"]
[SourceTitle "EXT 2023"]
[Source "ChessBase"]
[SourceDate "2022.10.05"]
[SourceVersion "1"]
[SourceVersionDate "2022.10.05"]
[SourceQuality "1"]

1. c4 e5 2. g3 g6 3. Bg2 Bg7 4. e4 d6 5. d3 f5 6. Nc3 c6 7. Nge2 Nf6 8. Bg5 Nbd7 9. 0-0 h6 10. Bd2 0-0 11. exf5 gxf5 12. b4 Qe8 13. Re1 Qh5 14. f3 Nh7 15. Qb3 Kh8 16. b5 Rb8 17. Qa3 Ng5 18. Bxg5 Qxg5 19. Qxd6 h5 20. f4 exf4 21. Nxf4 Rf6 22. Re8+ Kh7 23. Qc7 Rf7 24. Rxc8 Rxc8 25. Qxc8 Bxc3 26. Rb1 h4 27. bxc6 bxc6 28. Rb7 Qe7 29. Rb1 hxg3 30. hxg3 Qe3+ 31. Kh2 Be5 32. Qe8 Rg7 33. Qh5+ Kg8 34. Qe8+ Nf8 35. Nh5 Bxg3+ 36. Kh1 Qxe8 37. Nf6+ Kf7 38. Nxe8 Kxe8 39. Bxc6+ Kd8 40. Bd5 Be5 41. Rg1 Rxg1+ 42. Kxg1 Kc7 43. Kg2 Kd6 44. Kf3 Nd7 0-1